000 00657nam a2200217 a 4500
999 _c9840
_d9840
001 9840
003 BD-JhCC
005 20211111134021.0
008 180402s2016 bg |||| ||a| 000 0 ben d
035 _a(BD-JhCC)9840
040 _aBD-JhCC
_dBD-JhCC
041 _aben
082 _a891.443
_bIQB 2016
100 _aইকবাল, মোহাম্মদ জাফর
245 _aটুকুনজিল /
_cমোহাম্মদ জাফর ইকবাল,
260 _aঢাকা :
_bঅনন্যা প্রকাশনী,
_c2016
300 _a94 p. :
_c22 cm.
650 _aBengali Novel
942 _2ddc
_cBK
_015